000
00220 a2200097 4500
001
38643
100
_a
Usman Khawar
245
_a
Haryelio kay Dais main
260
_a
Lahore
_b
Asmad Publish
_c
1996
090
_c
24510
_d
24510
942
_a
NUST-CAE
_c
M
_c
16126
999
_c
273716
_d
273716